| 000 | 01620nam a2200457 i 4500 | ||
|---|---|---|---|
| 001 | 25852 | ||
| 003 | KOSZ 005 | ||
| 005 | 20200729100646.0 | ||
| 008 | 200729s1973 pl a f 000 0 pol | ||
| 015 | _aUWD 1974/2175 | ||
| 035 | _a991029081389705066 | ||
| 035 | _a(PL-WaBN)b17861792-48omnis_nlop | ||
| 035 | _ab17861792 | ||
| 035 | _a(OCoLC)836215108 | ||
| 035 | _a(PL)b0000001786179 | ||
| 035 | _a(EXLNZ-48OMNIS_NETWORK)9910470776305606 | ||
| 040 |
_aWA N _cWA N _dKOSZ 005/RW |
||
| 046 | _k1973 | ||
| 080 | _a531.1/.3 | ||
| 080 | _a(075.8) | ||
| 100 | 1 |
_aNizioł, Józef _d(1938- ) _eAutor |
|
| 245 | 1 | 0 |
_aMetodyka rozwiązywania zadań z mechaniki : _bskrypt dla studentów wyższych szkół technicznych do przedmiotu: Mechanika. _nT. 2, _pDynamika / _cJózef Nizioł ; Politechnika Krakowska. |
| 260 |
_aKraków : _bWydawnictwo PK, _c1973. |
||
| 300 |
_a390 stron : _bilustracje, wykresy ; _c24 cm. |
||
| 336 |
_aTekst _btxt _2rdacontent |
||
| 337 |
_aBez urządzenia pośredniczącego _bn _2rdamedia |
||
| 338 |
_aWolumin _bnc _2rdacarrier |
||
| 380 | _aKsiążki | ||
| 380 | _aPublikacje dydaktyczne | ||
| 388 | 1 | _a1901-2000 | |
| 388 | 1 | _a1945-1989 | |
| 504 | _aBibliografia na stronie 390. | ||
| 650 | 7 |
_aMechanika _2DBN |
|
| 650 | 7 | _aDynamika | |
| 655 | 7 |
_aPodręczniki akademickie _2DBN |
|
| 658 | _aInżynieria i technika | ||
| 710 | 2 |
_aPolitechnika Krakowska im. Tadeusza Kościuszki _4pbl |
|
| 856 |
_uhttp://koha.tu.koszalin.pl/cgi-bin/koha/opac-detail.pl?biblionumber=25852 _yKatalog online BPK |
||
| 942 |
_2UKD _cKS |
||
| 999 |
_c25852 _d25852 |
||